| 000 | 00860nam a2200253 i 4500 | ||
|---|---|---|---|
| 001 | 73423 | ||
| 003 | ES-MaACL | ||
| 005 | 20240430133605.0 | ||
| 007 | t| | ||
| 008 | 041011s2003 sp |||| | spa d | ||
| 020 | _a84-95408-26-0 | ||
| 080 | _a821.134.2-1"19"(082.2) | ||
| 245 | 0 | 0 |
_aPor vivir aquí _b: antología de poetas catalanes en castellano, 1980-2003 / _cedición de Manuel Rico ; prólogo de Manuel Vázquez Montalbán. |
| 260 |
_aMadrid : _bBartleby, _c[2003] |
||
| 300 |
_a313 p. ; _c21 cm. |
||
| 490 | 1 | _aBartleby poesía | |
| 650 | 4 |
_aPoesías españolas- _zCataluña. _9166742 |
|
| 650 | 4 |
_aPoesía catalana- _yS.XX _916206 |
|
| 700 | 1 |
_aRico, Manuel ( _d1952-) _997018 |
|
| 700 | 0 |
_aVázquez Montalbán, Manuel, _d1939- _9113463 |
|
| 830 | 0 |
_aBartleby poesía _9183408 |
|
| 852 |
_aES-MaACL _jL-28204 |
||
| 999 |
_c73423 _d73423 |
||